000 00295nam a2200121Ia 4500
008 190216s9999||||xx |||||||||||||| ||und||
100 _aDr.Parasuram Shukla
245 0 _aHindi-Bharathiya Veeranganayem
260 _bKnowledge Plus Dilli
_c2008
300 _a184
650 _aHindi
942 _cBK
999 _c16650
_d16650